000 00685nam a2200217 a 4500
001 BRCA_8692
005 20190320210352.0
008 081216s1734----sp-#######---#000-0#spa-#
041 _aspa
044 _asp
245 1 0 _aLibro en blanco con encuadernación en plata.
260 _aEspaña
_b[s.i.]
_c1734
300 _a1 vol. (sin paginación)
_c14 cm
500 _aFondo antiguo
500 _aSe encuentra en Caja Fuerte
500 _aLB-3
500 _aNota de encuadernación: en plata repujada, con broche, edición de cantos dorados
506 0 _aFondo reservado: para su consulta es necesario credencial de usuario y carta de motivos
902 _aLAR
942 _2lcc
_cB
999 _c8345
_d8345